000 00727nam a22002417a 4500
008 220831b |||||||| |||| 00| 0 eng d
020 _a9781787302310
040 _aCUZ
_beng
_cCUZ
_dCUZ
050 _aPI120.16
_bMCC
100 _aMcCulloh, Gretchen
245 _aBecause Internet
_bUnderstanding how language is changing
_cGretchen McCulloch
260 _aLondon
_bHarvill Seeker
_c2019
264 _aLondon
_bHarvill Seeker
_c2019
300 _a326 pages
_bindex
_c22 cm
336 _atext
_btxt
337 _aunmediated
_bn
338 _2rdacarrier
650 _aLanguage and the internet
650 _aSocial Media
650 _aInternet
650 _aEnglish language
942 _cOS
999 _c44562
_d44562